000
00322nam a2200121Ia 4500
008
220216s9999 xx 000 0 und d
100
_a
Scott J R
245
0
_a
Rubber test methods: 1955 international meeting
260
_b
Proceedings of the IRI
_c
1955
300
_a
208-215
650
_a
Rubber test methods
942
_c
JS
999
_c
68028
_d
68028